The Law Of Journalism And Mass Communication (Record no. 96318)

MARC details
000 -LEADER
fixed length control field 00597nam a2200229Ia 4500
005 - DATE AND TIME OF LATEST TRANSACTION
control field 20230228150247.0
008 - FIXED-LENGTH DATA ELEMENTS--GENERAL INFORMATION
fixed length control field 230125s9999 xx 000 0 und d
020 ## - INTERNATIONAL STANDARD BOOK NUMBER
International Standard Book Number 9788183765510
041 ## - LANGUAGE CODE
Language code of text/sound track or separate title eng
082 ## - DEWEY DECIMAL CLASSIFICATION NUMBER
Classification number 659.1
Item number BHA
100 ## - MAIN ENTRY--PERSONAL NAME
Author Bhattnagar A
245 ## - TITLE STATEMENT
Title The Law Of Journalism And Mass Communication
250 ## - EDITION STATEMENT
Edition statement 1st Ed.
260 ## - PUBLICATION, DISTRIBUTION, ETC.
Date of publication, distribution, etc. 2018
Name of publisher, distributor, etc. ABD Publication
Place of publication, distribution, etc. Jaipur
300 ## - PHYSICAL DESCRIPTION
Extent 277p
500 ## - GENERAL NOTE
Keywords advertising;IMC;Journalism<br/>
650 ## - SUBJECT ADDED ENTRY--TOPICAL TERM
Topical term or geographic name entry element advertising;IMC;Journalism
700 ## - ADDED ENTRY--PERSONAL NAME
Personal name Bhattnagar A
942 ## - ADDED ENTRY ELEMENTS (KOHA)
Koha item type Books
906 ## - LOCAL DATA ELEMENT F, LDF (RLIN)
b 406
Holdings
Withdrawn status Lost status Damaged status Not for loan Home library Current library Date acquired Vendor Net Price Bill number Full call number Barcode Date last seen Actual Price Bill Date Koha item type Original Barcode
      Reference Smt. Hiraben Nanavati Institute of Management & Research for Women Smt. Hiraben Nanavati Institute of Management & Research for Women 07/02/2020 Forward Books 1450.00 11189 659.1 BHA B19689 HIMR-BK-19689 25/01/2023 1044.00 25/01/2023 Books B19689